000 02905cam a22003498i 4500
001 23079022
003 EG-ScBUE
005 20240304111148.0
008 230424s2024 nyua f b 001 0 eng d
020 _a9781032554242
040 _aDLC
_beng
_erda
_cDLC
_dEG-ScBUE
082 0 4 _a006.7
_222
_bGAR
100 1 _aGarrand, Timothy Paul.
_eauthor.
245 1 0 _aWriting for interactive media :
_bsocial media, websites, applications, elearning, games /
_cTimothy Garrand.
250 _aFourth edition.
264 1 _aNew York, NY :
_bRoutledge,
_c2024.
300 _aviii, 311 pages :
_billustrations ;
_c24 cm
336 _atext
_btxt
_2rdacontent
337 _aunmediated
_bn
_2rdamedia
338 _avolume
_bnc
_2rdacarrier
504 _aIncludes bibliographical references and index.
520 _a"This thoroughly revised fourth edition teaches students and professionals how to create interactive content for all types of new media and become successful writers or designers in a variety of fields. This comprehensive guide is grounded in the core principles and skills of interactive media writing, in which writers create text and structure content to guide users through interactive products such as websites or software. The book examines case studies on interactive formats including complex informational web sites, computer games, e-learning courses, training programs and immersive exhibits. These case studies assess real-world products and documentation used by professional writers such as scripts, outlines, screenshots and flowcharts. The book also provides practical advice on how to use interactive media writing skills to advance careers in the social media, technical, instructional communication, and creative media fields. This edition includes new chapters on UX Writing and Content Design, Social Media Writing and Writing for Mobile. Writing for Interactive Media prepares students for the writing challenges of today's technology and media. It can be used as a core textbook for courses in UX Writing, Writing for Digital Media, and Technical and Professional Communication and is a valuable resource for writing professionals at all levels. Supplemental resources include sample syllabi and exercises for instructors, as well as additional use cases, writing artifacts, and other instructional material. They are available online at www.routledge.com/9781032228365"--
_cProvided by publisher.
650 7 _aInteractive multimedia.
_2BUEsh
650 7 _aWriting.
_2BUEsh
653 _cMarch2024
_bCOMAME
655 _vReading book
776 0 8 _iOnline version:
_aGarrand, Timothy Paul.
_tWriting for interactive media
_bFourth edition
_dNew York, NY : Routledge, 2024
_z9781003430612
_w(DLC) 2023019023
906 _a7
_bcbc
_corignew
_d1
_eecip
_f20
_gy-gencatlg
942 _2ddc
_cBB
999 _c30679
_d30650